000 00912nas a2200325 4500
001 BR2010004218
003 BR-BrBNA
005 20231205114708.0
007 ta
008 230509b bl.|||p| |||| 00| 00por d
040 _aBR-BrBNA
_bpor
_cBiblioteca Nacional de Agricultura
041 _a(En)
072 _aL02
100 1 _aLira, R.C.
100 1 _aRabello, C.B.
100 1 _aFerreira, P.V.
100 1 _aLana, G.R.Q.
100 1 _aLüdke, J.V.
100 1 _aDutra Junior, W.M.
245 1 _aInclusion of guava wastes in feed for broiler chickens
650 _aFRANGO DE CORTE
650 _aCARCAÇA
650 _aGOIABA
650 _aRESÍDUO
650 _aRAÇÃO
650 _aRENDIMENTO
773 0 _tRevista Brasileira de Zootecnia (Brazil)
_xISSN 1516-3598
_g(Dec 2009), v. 38(12) p. 2401-2407
_wBR2010004218
909 _a202311
_bLúcia
_c55
_dLúcia Elande
942 _2AGRIS
_n0
_cANA
999 _c210004
_d210004